| 000 | 00765nam a2200229 i 4500 | ||
|---|---|---|---|
| 001 | 163409 | ||
| 003 | ES-MaACL | ||
| 005 | 20251015063143.0 | ||
| 008 | 981210s1859 fr |||| | fre d | ||
| 040 |
_aCCPB | B _bspa _cCCPB | B |
||
| 100 | 1 |
_aReybaud, Louis, _d1799-1879 _9131751 |
|
| 245 | 1 | 0 |
_aÉtudes sur le régime des manufactures _b: condition des ouvriers en soie / _cpar Louis Reybaud. |
| 260 |
_aParis : _bMichel Lévy Frères, _c1859 ( _eCorbeil : _f(Crété) |
||
| 300 |
_aXXXI, 396 p. ; _c23 cm. |
||
| 596 | _aMarca tip. en port. | ||
| 597 | _aAntep. | ||
| 597 | _aSignaturizado. | ||
| 650 | 4 |
_aIndustria de la seda. _9139512 |
|
| 752 |
_aFrancia - _dParís |
||
| 852 |
_aES-MaACL _jG-11716 _z- Enc. hol. |
||
| 999 |
_c163409 _d163409 |
||